000 00482nam a2200217Ia 4500
003 0100
008 130303s9999 xx 000 0 und d
020 _a1856072452
040 _cARRUPELIB
050 _aBS2575.2.H311 1998
100 _aHarrington, Wilfrid J
245 _aMatthew
245 _bsage theologian
260 _bThe Columbia press
260 _C1998
300 _a116p.
300 _b 20cm
650 _aBIBLE
650 _bAdo KTiberondwa
942 0 0 _02
999 _c28258
_d28258